000 01212nam a22003257a 4500
003 CHAP
005 20220329141757.0
008 971013s1980 r 00010 d
010 _a73657
011 _a74629
035 _a84188
040 _cCHAP
100 0 0 _aCarbonneau, Alain.
_918825
245 _aRecherche sur les systemes de conduite de la vigne
_b: essai de maistrise du microclimat et de la plante entiere pour produire economiquement du raisin de qualite
260 _aBordeaux :
_bLe auteur,
_c1980
300 _a235 h.
_b: ilus. ; gráfs.
500 _aThese (Docteur-Ingénieur en Oenologie-Ampelologie) -- Université de Bordeaux II
590 _aBATCH-UPD
_b10
_c20130110
_lUCH01
_h0347
590 _aBATCH-UPD
_b10
_c20130410
_lUCH01
_h0020
590 _aBATCH-UPD
_b10
_c20130914
_lUCH01
_h0841
590 _aCONVERSION
_b10
_c20130109
_lUCH01
_h1340
650 1 4 _aMicroclima.
_975504
650 1 4 _aUva
_xCalidad.
_9117122
650 1 4 _aVid
_xEfecto del medio ambiente.
_9119106
650 1 4 _aViticultura
_xInvestigación.
_9120062
901 _aBK
942 _cFOLL
949 _bBC
_cTES
_d-39375
_eTS1
_h19525
_i84188
_mDirecto
_si
949 _bBC
_cTES
_d-39376
_eTS2
_fc.2
_h19526
_i84188
_mDirecto
_si
999 _c73657
_d73657